00268nam a2200097Ia 4500001000800000005001700008008004100025020001800066245006700084260001900151127589220260417160436.0260417s9999 xx 000 0 und d a9786257303569 0aHayvanlar Yavrularını Nasıl Büyütür?cPavla Hanackova bKetebe Çocuk